[Event "TCh-TUR Super League 2015"]
[Site "Kocaeli TUR"]
[Date "2015.08.08"]
[Round "6.2"]
[Board "6"]
[White "Tuncer, Tuna"]
[Black "Komut, Burak"]
[Result "1-0"]
[WhiteElo "2175"]
[BlackElo "2007"]
[WhiteTeam "Deniz Su Aquamatch Satranc Genclik Ve Sports Club"]
[BlackTeam "Tarsus Zeka Satranc Kulubu"]
[WhiteFideId "6349269"]
[BlackFideId "6309984"]
[EventDate "2015.08.04"]

1. e4 e5 2. Nf3 Nc6 3. Bb5 a6 4. Ba4 Nf6 5. O-O Be7 6. Re1 b5 7. Bb3 O-O 8. c3
d5 9. exd5 Nxd5 10. Nxe5 Nxe5 11. Rxe5 c6 12. d4 Bd6 13. Re1 Qh4 14. g3 Qh3 15.
Re4 Bd7 16. Bc2 g6 17. Nd2 Rae8 18. Rh4 Qe6 19. Nf3 f5 20. Rxh7 Rf7 21. Rxf7
Qxf7 22. Qd3 Kg7 23. Bg5 Nf6 24. Ne5 Bxe5 25. dxe5 Rxe5 26. Bb3 Qe7 27. Rd1 Re1+
28. Rxe1 Qxe1+ 29. Kg2 Qe4+ 30. Qxe4 Nxe4 31. Be3 Kf6 32. h4 Be6 33. Bxe6 Kxe6
34. f3 Nf6 35. Bd4 Nd5 36. Kf2 a5 37. Ke2 a4 38. Kd3 Kd6 39. Be3 c5 40. Bg5 Ke5
41. Bd2 f4 42. g4 c4+ 43. Kc2 Kf6 44. b3 g5 45. bxc4 bxc4 46. h5 Nc7 47. Be1 Nb5
48. Bf2 Kf7 49. Bb6 Kg7 50. Bd8 Kh6 51. Kb2 a3+ 52. Kc2 Nd6 53. Be7 Nb5 54. Kd2 1-0

[Event "TCh-TUR Super League 2015"]
[Site "Kocaeli TUR"]
[Date "2015.08.08"]
[Round "6.2"]
[Board "7"]
[White "Ayazmali, Gizem"]
[Black "Sanal, Vahap"]
[Result "0-1"]
[BlackTitle "IM"]
[WhiteElo "1691"]
[BlackElo "2510"]
[WhiteTeam "Tarsus Zeka Satranc Kulubu"]
[BlackTeam "Deniz Su Aquamatch Satranc Genclik Ve Sports Club"]
[WhiteFideId "6336590"]
[BlackFideId "6300545"]
[EventDate "2015.08.04"]

1. e4 g6 2. d4 Bg7 3. Nc3 d6 4. g3 e5 5. Nge2 Nc6 6. Be3 Nf6 7. h3 Nd7 8. Bg2
O-O 9. O-O exd4 10. Nxd4 Nde5 11. Nxc6 bxc6 12. Qe2 a5 13. Rfd1 Ba6 14. Qe1 Nc4
15. Rab1 Nxe3 16. Qxe3 Re8 17. Qd2 Qb8 18. e5 d5 19. f4 Qb6+ 20. Kh2 Rad8 21. a3
f6 22. exf6 Bxf6 23. Na4 Qa7 24. Re1 Bc8 25. Rxe8+ Rxe8 26. Re1 Rxe1 27. Qxe1
Kf7 28. Qd2 Be6 29. h4 h5 30. c4 Bd4 31. Nc3 Qc5 32. cxd5 cxd5 33. Ne2 Bf6 34.
f5 Bxf5 35. Bxd5+ Kg7 36. Nf4 Qb6 37. b3 Kh7 38. Bc4 Be5 39. a4 Qf6 40. Qe3 Bd6
41. Ng2 Bd7 42. Bd5 Qf5 43. Qf3 Qh3+ 44. Kg1 Bg4 45. Qf7+ Kh6 46. Qf2 Qxg3 47.
Qxg3 Bxg3 48. Ne3 Be2 49. Nc4 Be1 50. Kg2 Kg7 51. Ne3 Bxh4 52. Be4 Kf6 53. Bc2
c6 54. Be4 c5 55. Bc2 Be1 56. Nd5+ Ke5 0-1

[Event "TCh-TUR Super League 2015"]
[Site "Kocaeli TUR"]
[Date "2015.08.08"]
[Round "6.2"]
[Board "8"]
[White "Menzi, Nezihe Ezgi"]
[Black "Okuyaz, Duru"]
[Result "0-1"]
[WhiteTitle "WFM"]
[BlackTitle "WCM"]
[WhiteElo "1913"]
[BlackElo "1919"]
[WhiteTeam "Deniz Su Aquamatch Satranc Genclik Ve Sports Club"]
[BlackTeam "Tarsus Zeka Satranc Kulubu"]
[WhiteFideId "6310060"]
[BlackFideId "6346022"]
[EventDate "2015.08.04"]

1. e4 c5 2. Nf3 e6 3. d4 cxd4 4. Nxd4 Nf6 5. Nc3 Nc6 6. Nxc6 bxc6 7. e5 Nd5 8.
Ne4 Qc7 9. f4 Qb6 10. c4 Bb4+ 11. Ke2 f5 12. exf6 Nxf6 13. Nxf6+ gxf6 14. Be3
Bc5 15. Bxc5 Qxc5 16. Kf3 O-O 17. Bd3 e5 18. Qc2 Qe7 19. c5 Qg7 20. Bf5 Rb8 21.
a3 d5 22. Bxc8 Rbxc8 23. Qf5 Kh8 24. Rhe1 e4+ 25. Kf2 Qg6 26. Qxg6 hxg6 27. Ke3
f5 28. b4 Kg7 29. Rab1 Kf6 30. Kd4 g5 31. fxg5+ Kxg5 32. g3 Rh8 33. Re2 a6 34.
Rf1 Rce8 35. Rf4 Kg6 36. Ref2 Rh3 37. Ke3 Re7 38. Rd2 Reh7 39. Rff2 Kf6 40. Kd4
Ke6 41. Rfe2 f4 42. gxf4 Kf5 43. a4 Rb3 44. b5 Rhh3 0-1

[Event "TCh-TUR Super League 2015"]
[Site "Kocaeli TUR"]
[Date "2015.08.08"]
[Round "6.3"]
[Board "1"]
[White "Ahmetoglu, Ziya"]
[Black "Yilmaz, Mustafa"]
[Result "0-1"]
[BlackTitle "GM"]
[WhiteElo "1943"]
[BlackElo "2582"]
[WhiteTeam "Ankara Demirspor Kulubu"]
[BlackTeam "Hatay Buyuksehir Belediyesi Genclik Sports Club"]
[WhiteFideId "6309259"]
[BlackFideId "6302718"]
[EventDate "2015.08.04"]

1. d4 c5 2. e3 d5 3. Nf3 Nc6 4. Bd3 Bg4 5. c3 Nf6 6. O-O e6 7. Nbd2 Qc7 8. b3
Bd6 9. h3 Bh5 10. Bb2 O-O 11. Rc1 e5 12. dxe5 Nxe5 13. Be2 Nxf3+ 14. Nxf3 Rad8
15. Qc2 Bg6 16. Bd3 Bxd3 17. Qxd3 c4 18. Qf5 Ne4 19. Nd4 Rfe8 20. b4 Bh2+ 21.
Kh1 Be5 22. Rcd1 Qb6 23. Qg4 Bb8 24. Kg1 Qd6 25. f4 a6 26. Rfe1 Kh8 27. Qh5 Qf6
28. Nf3 g6 29. Qh4 Qxh4 30. Nxh4 g5 31. Nf5 gxf4 32. exf4 Bxf4 33. Rf1 Bg5 34.
h4 Bf6 35. Rf3 Rd7 36. g4 Be5 37. Kg2 f6 38. Nd4 Rg8 39. Kh3 h5 40. gxh5 Rdg7
41. Nf5 Rg2 0-1

[Event "TCh-TUR Super League 2015"]
[Site "Kocaeli TUR"]
[Date "2015.08.08"]
[Round "6.3"]
[Board "2"]
[White "Amonatov, Farrukh"]
[Black "Severcan, Sedat Sabri"]
[Result "1-0"]
[WhiteTitle "GM"]
[WhiteElo "2592"]
[BlackElo "1819"]
[WhiteTeam "Hatay Buyuksehir Belediyesi Genclik Sports Club"]
[BlackTeam "Ankara Demirspor Kulubu"]
[WhiteFideId "14700077"]
[BlackFideId "6351395"]
[EventDate "2015.08.04"]

1. e4 e6 2. d4 d5 3. Nc3 Nf6 4. Bg5 dxe4 5. Nxe4 Nbd7 6. Nf3 Be7 7. Nxf6+ Nxf6
8. Bd3 c5 9. dxc5 Qa5+ 10. c3 Qxc5 11. Qe2 O-O 12. O-O-O a5 13. Kb1 a4 14. a3
Ra5 15. Rhe1 h6 16. Bc1 Bd6 17. Nd2 Be7 18. f4 Qh5 19. Nf3 b5 20. g4 Qxg4 21.
Rg1 Qh5 22. Qg2 Ne8 23. Nd4 Bf6 24. Be2 Qg6+ 25. Qxg6 fxg6 26. Nc6 Ra6 27. Bxb5
Rb6 28. Bxa4 Ra6 29. Bb5 Ra5 30. Be2 Ra6 31. Bb5 Rb6 32. Ba4 Ra6 33. Bb5 Rb6 34.
a4 Bb7 35. Ne5 Be4+ 36. Bd3 Bxd3+ 37. Rxd3 Bxe5 38. fxe5 Nc7 39. Rxg6 Kh7 40.
Rg1 Nd5 41. c4 Ne7 42. Rd6 Rb4 43. Rxe6 Nf5 44. a5 Rxc4 45. Rf1 g6 46. Rd1 Rf7
47. a6 Ra4 48. Rb6 Kg7 49. b3 Ra5 50. e6 Re7 51. Bb2+ Kf8 52. Rd8+ Re8 53. Rxe8+
Kxe8 54. Bf6 1-0

[Event "TCh-TUR Super League 2015"]
[Site "Kocaeli TUR"]
[Date "2015.08.08"]
[Round "6.3"]
[Board "3"]
[White "Arig, Busra"]
[Black "Gulbas, Cemil"]
[Result "0-1"]
[BlackTitle "IM"]
[WhiteElo "1783"]
[BlackElo "2377"]
[WhiteTeam "Ankara Demirspor Kulubu"]
[BlackTeam "Hatay Buyuksehir Belediyesi Genclik Sports Club"]
[WhiteFideId "6309356"]
[BlackFideId "201820"]
[EventDate "2015.08.04"]

1. d4 Nf6 2. Nf3 e6 3. Bg5 c5 4. c3 Nc6 5. e3 b6 6. Be2 Bb7 7. O-O h6 8. Bh4 Be7
9. Nbd2 O-O 10. dxc5 bxc5 11. Bxf6 Bxf6 12. Ne4 Be7 13. Nd6 Qc7 14. Nxb7 Qxb7
15. Rb1 d5 16. Qc2 Rfd8 17. Rfd1 Bf6 18. Qa4 Rab8 19. Nd2 Qc7 20. Nb3 Be7 21. e4
c4 22. Nd4 Nxd4 23. Rxd4 Bc5 24. Rdd1 Qf4 25. Bf3 dxe4 26. Rxd8+ Rxd8 27. Qxc4
Bxf2+ 28. Kh1 Bd4 29. Bh5 Be5 30. g3 Qg5 31. Be2 Qe3 0-1

[Event "TCh-TUR Super League 2015"]
[Site "Kocaeli TUR"]
[Date "2015.08.08"]
[Round "6.3"]
[Board "5"]
[White "Gyokbulut, Julia"]
[Black "Altinoz, Fevziye Ece"]
[Result "1-0"]
[WhiteTitle "WFM"]
[WhiteElo "1975"]
[BlackElo "1543"]
[WhiteTeam "Ankara Demirspor Kulubu"]
[BlackTeam "Hatay Buyuksehir Belediyesi Genclik Sports Club"]
[WhiteFideId "4153979"]
[BlackFideId "6358942"]
[EventDate "2015.08.04"]

1. d4 Nf6 2. c4 g6 3. Nc3 Bg7 4. e4 d6 5. h3 O-O 6. Bg5 e5 7. dxe5 dxe5 8. Qxd8
Rxd8 9. Nd5 Rxd5 10. exd5 Ne4 11. Be3 Nd7 12. Bd3 Nef6 13. f3 Nb6 14. Ne2 Bd7
15. O-O Re8 16. Nc3 a6 17. Ne4 Nxe4 18. fxe4 Nc8 19. Rac1 Ne7 20. c5 Rf8 21. Bc4
Bh8 22. Bg5 Nc8 23. Rf2 Bg7 24. Bb3 h6 25. Be3 Kh7 26. c6 bxc6 27. dxc6 Be8 28.
Bc5 Nd6 29. Bxd6 cxd6 30. c7 1-0

[Event "TCh-TUR Super League 2015"]
[Site "Kocaeli TUR"]
[Date "2015.08.08"]
[Round "6.3"]
[Board "6"]
[White "Ali Marandi, Cemil Can"]
[Black "Yuksel, Atilla Koksal"]
[Result "1-0"]
[WhiteTitle "IM"]
[BlackTitle "CM"]
[WhiteElo "2414"]
[BlackElo "2103"]
[WhiteTeam "Hatay Buyuksehir Belediyesi Genclik Sports Club"]
[BlackTeam "Ankara Demirspor Kulubu"]
[WhiteFideId "6300529"]
[BlackFideId "6306667"]
[EventDate "2015.08.04"]

1. d4 e6 2. e4 b6 3. Bd3 Bb7 4. Be3 c5 5. Ne2 Nf6 6. Nd2 d5 7. e5 c4 8. exf6
Qxf6 9. Nxc4 dxc4 10. Bxc4 Bxg2 11. Rg1 Bb7 12. Bf4 Nd7 13. Qd3 Qf5 14. Qxf5
exf5 15. O-O-O Rc8 16. Bb3 f6 17. h4 g6 18. Nc3 Kd8 19. Nd5 Rc6 20. Rge1 Bd6 21.
Bd2 Bh2 22. Kb1 b5 23. a4 bxa4 24. Bxa4 Rd6 25. Ba5+ Kc8 26. Ne7+ Kb8 27. Bb4
Rb6 28. c3 Rxb4 29. cxb4 Nb6 30. Bc6 Rd8 31. b5 Bd6 32. Re6 Nc8 33. Bxb7 Nxe7
34. Bf3 Ng8 35. Rde1 Kc7 36. Rc1+ Kd7 37. d5 g5 38. b6 axb6 39. Be2 1-0

[Event "TCh-TUR Super League 2015"]
[Site "Kocaeli TUR"]
[Date "2015.08.08"]
[Round "6.3"]
[Board "7"]
[White "Yaver, Faik Emre"]
[Black "Temizkan, Denizcan"]
[Result "1-0"]
[BlackTitle "FM"]
[WhiteElo "2006"]
[BlackElo "1906"]
[WhiteTeam "Ankara Demirspor Kulubu"]
[BlackTeam "Hatay Buyuksehir Belediyesi Genclik Sports Club"]
[WhiteFideId "6329969"]
[BlackFideId "6325157"]
[EventDate "2015.08.04"]

1. e4 e5 2. Nf3 Nc6 3. Bc4 Nf6 4. d3 Be7 5. O-O O-O 6. Re1 d6 7. a4 Be6 8. Nbd2
Qd7 9. a5 a6 10. Nf1 h6 11. Ng3 Rfe8 12. c3 Bf8 13. Bxe6 Qxe6 14. c4 Nd7 15. Bd2
Nc5 16. Bc3 Qd7 17. Nf5 g6 18. Ne3 Bg7 19. Nd5 Ne7 20. Qc2 f5 21. Nxe7+ Rxe7 22.
Rad1 Rf8 23. b4 Ne6 24. d4 exd4 25. Nxd4 Nxd4 26. Bxd4 Rfe8 27. Bxg7 Kxg7 28.
Qc3+ Kf7 29. e5 Qc6 30. f4 dxe5 31. fxe5 Qe6 32. Rd5 Rd7 33. Qd2 Red8 34. Rxd7+
Rxd7 35. Qxh6 Kg8 36. Qf4 Kg7 37. h4 b6 38. Re3 c5 39. bxc5 bxc5 40. h5 Rd4 41.
Qg5 Rg4 42. h6+ Kh7 43. Qd8 f4 44. Rd3 f3 45. Rxf3 Rd4 46. Qc7+ Rd7 47. Qxc5 Qg4
48. Qe3 Rd1+ 49. Kh2 Qh4+ 50. Rh3 Qxc4 51. Qa7+ 1-0

[Event "TCh-TUR Super League 2015"]
[Site "Kocaeli TUR"]
[Date "2015.08.08"]
[Round "6.3"]
[Board "8"]
[White "Micoogullari, Lara"]
[Black "Sahin, Hayrun Nisa"]
[Result "0-1"]
[WhiteElo "1668"]
[BlackElo "1648"]
[WhiteTeam "Hatay Buyuksehir Belediyesi Genclik Sports Club"]
[BlackTeam "Ankara Demirspor Kulubu"]
[WhiteFideId "6344968"]
[BlackFideId "6380875"]
[EventDate "2015.08.04"]

1. Nf3 c5 2. c4 Nc6 3. Nc3 g6 4. g3 Bg7 5. Bg2 e6 6. e3 Nge7 7. O-O O-O 8. b3 b6
9. Bb2 Bb7 10. d4 cxd4 11. exd4 d5 12. Ne2 Rc8 13. Ne5 dxc4 14. Nxc4 Ba6 15. Rc1
Nf5 16. Ba3 Re8 17. d5 exd5 18. Bxd5 Ncd4 19. Nxd4 Nxd4 20. Bxf7+ Kxf7 21. Nd6+
Qxd6 22. Rxc8 Qd5 23. Rc7+ Kg8 24. f3 Bxf1 25. Kxf1 Qf5 26. Bb2 Qh3+ 27. Kf2 0-1

[Event "TCh-TUR Super League 2015"]
[Site "Kocaeli TUR"]
[Date "2015.08.08"]
[Round "6.4"]
[Board "2"]
[White "Ersahin, Bulent"]
[Black "Safarli, Eltaj"]
[Result "1/2-1/2"]
[BlackTitle "GM"]
[WhiteElo "2171"]
[BlackElo "2644"]
[WhiteTeam "Kocaeli Buyuksehir Belediyesi Kagit Sports Club"]
[BlackTeam "Besiktas Jimnastik Kulubu"]
[WhiteFideId "6302670"]
[BlackFideId "13402129"]
[EventDate "2015.08.04"]

1. Nf3 Nf6 2. g3 g6 3. Bg2 Bg7 4. O-O O-O 5. c4 d5 6. cxd5 Nxd5 7. Nc3 Nb6 8. d4
Nc6 9. e3 Re8 10. h3 a5 11. b3 e5 12. dxe5 Nxe5 13. Nxe5 Bxe5 14. Bb2 c6 15. Qe2
Qe7 16. Rfd1 Be6 17. Kh2 h5 18. f4 Bxc3 19. Bxc3 Bd5 20. Bd4 c5 21. Be5 Bxg2 22.
Qxg2 Rad8 23. Rac1 Rd7 24. Bc3 Red8 25. Rxd7 Rxd7 26. e4 a4 27. Qf3 Qd6 28. f5
h4 29. fxg6 fxg6 30. Rf1 Qxg3+ 31. Qxg3 hxg3+ 32. Kxg3 axb3 33. axb3 Nc8 34. Rf3
Nd6 35. Kf4 Rf7+ 36. Ke3 Rxf3+ 37. Kxf3 Kf7 38. Kf4 Ke6 39. h4 b5 40. Bg7 b4 41.
Ke3 Nb7 42. Kd3 Na5 43. Kc2 Kd7 44. Bf8 Nb7 45. Kd3 Kc6 46. Be7 Na5 47. Kc2 Kb5
48. Bd8 Nc6 49. Bf6 c4 50. bxc4+ Kxc4 51. Kd2 Nd4 52. Ke3 Nb5 53. Ba1 Nc3 54. e5
Nd5+ 55. Ke4 Nc7 56. Kf4 Ne6+ 57. Ke4 Nc5+ 58. Kf4 Kb3 59. e6 Nxe6+ 60. Kg4 Kc4
61. Bb2 Kd3 62. Ba1 Kc2 63. Be5 b3 64. Ba1 Kd3 65. Bb2 Nd4 66. Ba1 Ke4 67. Bb2
Nf3 68. Ba1 Ne1 69. Kg5 Ng2 70. Kg4 Kd3 71. Kg5 Kc2 72. Bh8 Kd3 73. Ba1 Ke4 74.
Kg4 Ne3+ 75. Kg5 Nf5 76. Bb2 Kf3 77. Ba1 Ne7 78. Be5 Ke4 79. Ba1 Nf5 80. Kg4 Nd4
81. Bb2 Kd3 82. Ba1 Ne6 83. Bb2 Kc2 84. Ba1 Kb1 85. Bf6 Nc5 86. Bd4 Kc2 87. Ba1
Ne4 88. Kf4 Kd3 89. Bb2 Nd2 90. Kg5 Nf3+ 91. Kg4 Ke3 92. Ba1 Ke4 93. Bb2 Nd4 94.
Kg5 Nf5 95. Kg4 Kd5 96. Kg5 Ke6 97. Ba1 Ne7 98. Bb2 Kf7 99. Ba1 Nd5 100. Bb2 Nc7
101. Ba1 Ne6+ 102. Kg4 Kg8 103. h5 g5 104. Kf5 Kh7 105. Bb2 Kh6 106. Kg4 Nc5
107. Bc1 Ne4 108. Kf5 Nd6+ 109. Kg4 Nf7 110. Bb2 Nd8 111. Bc1 Ne6 112. Ba3 Nc5
113. Bc1 Nd3 114. Bxg5+ Kg7 115. Kf5 b2 116. Bf6+ 1/2-1/2

[Event "TCh-TUR Super League 2015"]
[Site "Kocaeli TUR"]
[Date "2015.08.08"]
[Round "6.4"]
[Board "3"]
[White "Solak, Dragan"]
[Black "Gundogan, Cem"]
[Result "1-0"]
[WhiteTitle "GM"]
[WhiteElo "2622"]
[BlackElo "2060"]
[WhiteTeam "Besiktas Jimnastik Kulubu"]
[BlackTeam "Kocaeli Buyuksehir Belediyesi Kagit Sports Club"]
[WhiteFideId "916811"]
[BlackFideId "6311032"]
[EventDate "2015.08.04"]

1. e4 e6 2. d4 d5 3. Nd2 dxe4 4. Nxe4 Nf6 5. Nxf6+ Qxf6 6. Nf3 h6 7. Bd3 Bd6 8.
Qe2 Nc6 9. c3 g5 10. b4 a6 11. O-O O-O 12. Re1 Qg7 13. Bb2 f6 14. a3 Ne7 15. c4
c6 16. Nd2 Bc7 17. Ne4 Ng6 18. g3 b6 19. a4 f5 20. Nd2 Bd7 21. c5 b5 22. Nf3 g4
23. Ne5 Nxe5 24. dxe5 f4 25. axb5 f3 26. Qe4 axb5 27. h4 gxh3 28. Rxa8 Rxa8 29.
Qxf3 Ra2 30. Re2 Be8 31. Kh2 Bg6 32. Bxg6 Qxg6 33. Qxc6 Qd3 34. Qxe6+ Kh7 35.
Qf7+ Kh8 36. Qf6+ Kh7 37. Qf7+ Kh8 38. e6+ Rxb2 39. Qf6+ Kh7 40. Qxb2 Qf3 41.
Qc2+ 1-0

[Event "TCh-TUR Super League 2015"]
[Site "Kocaeli TUR"]
[Date "2015.08.08"]
[Round "6.4"]
[Board "4"]
[White "Albay, Koraycan"]
[Black "Apaydin, Fethi"]
[Result "0-1"]
[BlackTitle "FM"]
[WhiteElo "1864"]
[BlackElo "2253"]
[WhiteTeam "Kocaeli Buyuksehir Belediyesi Kagit Sports Club"]
[BlackTeam "Besiktas Jimnastik Kulubu"]
[WhiteFideId "6300766"]
[BlackFideId "6302521"]
[EventDate "2015.08.04"]

1. d4 Nf6 2. c4 g6 3. Nc3 Bg7 4. e4 d6 5. Nge2 O-O 6. Ng3 c5 7. d5 e6 8. Be2
exd5 9. exd5 Nbd7 10. Bf4 Ne5 11. O-O Re8 12. Bg5 h6 13. Bd2 a6 14. h3 Nh7 15.
f4 Nd7 16. Bd3 f5 17. Qc2 Ndf6 18. Rae1 Bd7 19. Rxe8+ Qxe8 20. Re1 Qf7 21. Qb3
Rb8 22. Qb6 Qf8 23. a3 Ne8 24. Nce2 Qf6 25. Bc1 Qd8 26. Qxd8 Rxd8 27. b4 b5 28.
bxc5 dxc5 29. Be3 Rc8 30. Rc1 Bb2 31. Rc2 Bxa3 32. Nc3 Nhf6 33. cxb5 c4 34. Ra2
Bb4 35. bxa6 cxd3 36. a7 Nc7 37. d6 Na8 38. Bd4 Bxc3 39. Bxc3 Rxc3 40. Rb2 Rc1+
41. Kf2 Rc2+ 0-1

[Event "TCh-TUR Super League 2015"]
[Site "Kocaeli TUR"]
[Date "2015.08.08"]
[Round "6.4"]
[Board "5"]
[White "Ozturk, Kubra"]
[Black "Nikolova, Adriana"]
[Result "1/2-1/2"]
[WhiteTitle "WGM"]
[BlackTitle "WGM"]
[WhiteElo "2240"]
[BlackElo "2304"]
[WhiteTeam "Besiktas Jimnastik Kulubu"]
[BlackTeam "Kocaeli Buyuksehir Belediyesi Kagit Sports Club"]
[WhiteFideId "6302599"]
[BlackFideId "2908689"]
[EventDate "2015.08.04"]

1. d4 d5 2. c4 c6 3. e3 Nf6 4. Nc3 g6 5. Nf3 Bg7 6. Be2 O-O 7. O-O a6 8. a4 a5
9. cxd5 Nxd5 10. e4 Nb4 11. Be3 Bg4 12. Qd2 Nd7 13. Ne1 Bxe2 14. Nxe2 e5 15. Nc2
Nxc2 16. Qxc2 exd4 17. Nxd4 Ne5 18. h3 c5 19. Nb5 Qd3 20. Qxc5 Qxe4 21. Nd6 Qh4
22. Rfd1 Qe7 23. Qd5 Nc6 24. Rd2 Qe5 25. Nxb7 Qxd5 26. Rxd5 Bxb2 27. Rb1 Ba3 28.
Bc5 Bxc5 29. Rxc5 Nd4 30. Nxa5 Ne6 31. Re5 Ra6 32. Rbe1 Rc8 33. Rb5 Rca8 34. Nc4 1/2-1/2

[Event "TCh-TUR Super League 2015"]
[Site "Kocaeli TUR"]
[Date "2015.08.08"]
[Round "6.4"]
[Board "6"]
[White "Baylav, Bartu"]
[Black "Arat, Ufuk Sezen"]
[Result "0-1"]
[BlackTitle "FM"]
[WhiteElo "1671"]
[BlackElo "2409"]
[WhiteTeam "Kocaeli Buyuksehir Belediyesi Kagit Sports Club"]
[BlackTeam "Besiktas Jimnastik Kulubu"]
[WhiteFideId "6312608"]
[BlackFideId "6309089"]
[EventDate "2015.08.04"]

1. d4 Nf6 2. c4 c5 3. d5 e6 4. Nc3 exd5 5. cxd5 d6 6. e4 g6 7. Nf3 Bg7 8. Be2
O-O 9. O-O Bg4 10. Nd2 Bxe2 11. Qxe2 a6 12. a4 Nbd7 13. Nc4 Nb6 14. a5 Nxc4 15.
Qxc4 Nd7 16. Bf4 Ne5 17. Bxe5 Bxe5 18. Ra3 h5 19. b4 cxb4 20. Qxb4 Rc8 21. Na4
Rc2 22. f4 Bg7 23. Raf3 Qc7 24. Nb6 Re8 25. Qa4 Re7 26. f5 Re2 27. fxg6 fxg6 28.
Rf4 Qc3 29. Qc4 Qd2 30. Qc8+ Kh7 31. Qh3 R2xe4 32. Rxe4 Rxe4 33. Qf3 Re3 34. Qf4
Qd4 35. Qxd4 Bxd4 36. g3 Rb3+ 37. Kg2 Bxb6 38. axb6 Rxb6 39. Kf3 a5 40. Ke4 a4
41. Ra1 Rb4+ 42. Kd3 b5 0-1

[Event "TCh-TUR Super League 2015"]
[Site "Kocaeli TUR"]
[Date "2015.08.08"]
[Round "6.4"]
[Board "7"]
[White "Gokerkan, Cem Kaan"]
[Black "Baylav, Can"]
[Result "1-0"]
[WhiteElo "2205"]
[BlackElo "1683"]
[WhiteTeam "Besiktas Jimnastik Kulubu"]
[BlackTeam "Kocaeli Buyuksehir Belediyesi Kagit Sports Club"]
[WhiteFideId "6336760"]
[BlackFideId "6361293"]
[EventDate "2015.08.04"]

1. e4 c5 2. c3 d5 3. exd5 Qxd5 4. d4 Nf6 5. Nf3 Bg4 6. Be2 e6 7. h3 Bh5 8. O-O
Nc6 9. Be3 cxd4 10. cxd4 Be7 11. Nc3 Qd6 12. Qb3 Qb4 13. g4 Bg6 14. Bb5 Qxb3 15.
axb3 Bd6 16. Ne5 O-O 17. Nxc6 bxc6 18. Bxc6 Rab8 19. Rxa7 Rxb3 20. Bc1 Rd8 21.
Rb7 Rxb7 22. Bxb7 Bc2 23. Bf3 Bb8 24. Be3 h6 25. Ra1 Nd7 26. Be2 Bd6 27. Ra6 Bf8
28. Ra7 Nf6 29. Bf3 Rb8 30. Rb7 Ra8 31. Kg2 Ra5 32. Rb8 Nd7 33. Rd8 Nb6 34. b4
Ra3 35. d5 Rxc3 36. Bxb6 exd5 37. Bc5 1-0

[Event "TCh-TUR Super League 2015"]
[Site "Kocaeli TUR"]
[Date "2015.08.08"]
[Round "6.4"]
[Board "8"]
[White "Arda, Dogasu"]
[Black "Koca, Cisem"]
[Result "1-0"]
[WhiteElo "1580"]
[BlackElo "1374"]
[WhiteTeam "Kocaeli Buyuksehir Belediyesi Kagit Sports Club"]
[BlackTeam "Besiktas Jimnastik Kulubu"]
[WhiteFideId "6367470"]
[BlackFideId "6372791"]
[EventDate "2015.08.04"]

1. d4 Nf6 2. Nf3 d6 3. c4 g6 4. Nc3 Bg7 5. e4 Nbd7 6. h3 e5 7. d5 Nc5 8. Qc2 a5
9. Be3 Nfd7 10. Na4 O-O 11. Nxc5 Nxc5 12. Bxc5 dxc5 13. Bd3 Qd6 14. O-O Re8 15.
b3 Qf6 16. Be2 Qb6 17. Bd3 a4 18. Rfb1 axb3 19. axb3 Bd7 20. Qb2 f5 21. Qc2 Qf6
22. Re1 fxe4 23. Bxe4 Rxa1 24. Rxa1 Bf5 25. Bxf5 gxf5 26. Ra2 e4 27. Nd2 b6 28.
Nf1 f4 29. Qd2 Qh6 30. Qe2 Qg5 31. Qg4 Qxg4 32. hxg4 Bd4 33. Re2 Kf7 34. Nd2 e3
35. fxe3 Rxe3 36. Kf1 Rxe2 37. Kxe2 Kf6 38. Nf3 Be3 39. Kd3 Kg6 40. Ke4 h5 41.
Ne5+ Kg5 42. gxh5 Kxh5 43. g3 Kg5 44. Nd3 Bd4 45. gxf4+ Kf6 46. f5 Bc3 47. Nf2
Bd4 48. Ng4+ Kg5 49. Ne5 Kf6 50. Nc6 Bc3 51. Nb8 Bd4 52. b4 Ke7 53. Nc6+ Kd7 54.
Nxd4 cxd4 55. Kxd4 1-0

[Event "TCh-TUR Super League 2015"]
[Site "Kocaeli TUR"]
[Date "2015.08.08"]
[Round "6.5"]
[Board "2"]
[White "Haznedaroglu, Kivanc"]
[Black "Laciner, Kerem"]
[Result "1-0"]
[WhiteTitle "GM"]
[BlackTitle "FM"]
[WhiteElo "2451"]
[BlackElo "2272"]
[WhiteTeam "T.S Alyans Satranc Sports Club"]
[BlackTeam "Calli Sports Club"]
[WhiteFideId "6300634"]
[BlackFideId "6301550"]
[EventDate "2015.08.04"]

1. d4 Nf6 2. Bg5 e6 3. e4 h6 4. Bxf6 Qxf6 5. Nc3 d6 6. Qd2 g5 7. O-O-O Nc6 8.
Bb5 Bd7 9. Qe3 a6 10. Ba4 b5 11. Bb3 Nxd4 12. Rxd4 c5 13. Rd2 c4 14. Nf3 Be7 15.
e5 dxe5 16. Nxe5 Bc8 17. Qe4 O-O 18. Ng4 Qf4 19. Nxh6+ Kg7 20. Qxa8 Kxh6 21. Qe4
Qxe4 22. Nxe4 cxb3 23. axb3 e5 24. Re1 Be6 25. Nc3 f6 26. Nd5 Bc5 27. b4 Ba7 28.
f3 Rf7 29. Nc3 Kg6 30. Rd6 Bc8 31. Ne4 g4 32. Kb1 gxf3 33. gxf3 Bb7 34. h4 Kf5
35. h5 Kf4 36. Rxf6+ Rxf6 37. Nxf6 1-0

[Event "TCh-TUR Super League 2015"]
[Site "Kocaeli TUR"]
[Date "2015.08.08"]
[Round "6.5"]
[Board "4"]
[White "Sirin, Atakan"]
[Black "Burcu, Cagatay"]
[Result "1-0"]
[WhiteElo "2243"]
[BlackElo "2178"]
[WhiteTeam "T.S Alyans Satranc Sports Club"]
[BlackTeam "Calli Sports Club"]
[WhiteFideId "6303307"]
[BlackFideId "6310630"]
[EventDate "2015.08.04"]

1. d4 Nf6 2. c4 e6 3. Nc3 d5 4. Bg5 Be7 5. cxd5 exd5 6. e3 O-O 7. Bd3 Nbd7 8.
Nge2 c6 9. Qc2 Re8 10. f3 Nf8 11. O-O h6 12. Bh4 Be6 13. Kh1 Rc8 14. Rad1 a6 15.
Bf2 c5 16. Bf5 cxd4 17. Nxd4 b5 18. Qb1 b4 19. Nce2 Bc5 20. Nf4 Qb6 21. Rfe1 g5
22. Nfxe6 fxe6 23. Bc2 Qc7 24. Ba4 Re7 25. Rc1 Qb6 26. Bg3 Ra8 27. Qd3 Rh7 28.
Rc2 a5 29. Rec1 Bxd4 30. exd4 Qd8 31. Be5 N6d7 32. Bxd7 Rxd7 33. Rc7 Ra7 34. Rc8
Qe7 35. Qg6+ 1-0

[Event "TCh-TUR Super League 2015"]
[Site "Kocaeli TUR"]
[Date "2015.08.08"]
[Round "6.5"]
[Board "5"]
[White "Mammadova, Gulnar"]
[Black "Ushenina, Anna"]
[Result "1-0"]
[WhiteTitle "WGM"]
[BlackTitle "GM"]
[WhiteElo "2313"]
[BlackElo "2435"]
[WhiteTeam "Calli Sports Club"]
[BlackTeam "T.S Alyans Satranc Sports Club"]
[WhiteFideId "13403508"]
[BlackFideId "14110911"]
[EventDate "2015.08.04"]

1. e4 c6 2. d4 d5 3. Nc3 dxe4 4. Nxe4 Nf6 5. Ng3 g6 6. Nf3 Bg7 7. Bc4 c5 8. dxc5
Qa5+ 9. c3 Qxc5 10. Qe2 Nc6 11. h3 O-O 12. O-O a6 13. a4 Qa5 14. Rd1 Qc7 15. Ba2
b6 16. Be3 Bb7 17. Qc4 e6 18. Qh4 b5 19. Bf4 Qc8 20. Bg5 Ne8 21. Ne4 f6 22. Nc5
Nd8 23. Be3 Rf7 24. Qg4 Bxf3 25. Qxf3 bxa4 26. Nxe6 Nxe6 27. Bxe6 Qxe6 28. Qxa8
Bf8 29. Rd8 Nc7 30. Qb8 Kg7 31. Rxf8 Rxf8 32. Qxc7+ Rf7 33. Qb6 Qc4 34. Qb4 Qe2
35. Qxa4 Qxb2 36. Bd4 a5 1-0